Prizes for developed prototype of tapping knife (Record no. 65708)

MARC details
000 -LEADER
fixed length control field 00318nam a2200121Ia 4500
245 #0 - TITLE STATEMENT
Title Prizes for developed prototype of tapping knife
260 ## - PUBLICATION, DISTRIBUTION, ETC. (IMPRINT)
Name of publisher The Rubber International Magazine
Year of publication 2013
300 ## - PHYSICAL DESCRIPTION
Number of Pages 11
650 ## - SUBJECT ADDED ENTRY--TOPICAL TERM
Topical Term Prize
650 ## - SUBJECT ADDED ENTRY--TOPICAL TERM
Topical Term Tapping knife
942 ## - ADDED ENTRY ELEMENTS (KOHA)
Koha item type Journals
Holdings
Withdrawn status Lost status Damaged status Not for loan Home library Current library Shelving location Date acquired Serial Enumeration / chronology Koha item type
      Journals RRII Library RRII Library Rubber technology 17/10/2013 Volume 15, Issue 9 Journals